| 000 | 00406nam a2200145Ia 4500 | ||
|---|---|---|---|
| 008 | 100415s9999 xx 000 0 und d | ||
| 082 | _b6604 | ||
| 100 | _aCollins,F. Howard | ||
| 245 | _aAuthor's And Printers Dictionary | ||
| 260 |
_aLONDON _c1965 _bOxford University Press |
||
| 365 | _b0 | ||
| 630 | _aAuthor's And Printers Dictionary | ||
| 730 | _aAuthor's And Printers Dictionary | ||
| 942 | _cBOOK | ||
| 999 |
_c589571 _d589568 |
||